Autobahn an Anschlussstellen erkennen - Statistiken

Allgemein
  • Dieses Quiz wurde 130 mal gespielt
  • Das Durchschnittsergebnis liegt bei 12 aus 15
Antwortstatistiken
Hint Antwort % Korrekt
Kreuz Neunkirchen, Contwig, Pirmasens-Winzeln 8
100%
Rutesheim, Stuttgart-Degerloch, Kreuz Ulm/Elchingen 8
100%
Dreieck Nonnweiler, Köln-Niehl, Maschener Kreuz 1
99%
Karlsruhe-Durlach, Ladenburg, Frankfurter Kreuz 5
99%
Sinsheim-Süd, Viernheimer Kreuz, Kaiserslautern-West 6
99%
Flensburg/Harrislee, Dreieck Bordesholm, Hamburg-Schnelsen 7
97%
Nesselwang, Kreuz Memmingen, Dreieck Hittistetten 7
97%
Berlin-Hohenschönhausen, Dreieck Barnim, Berlin-Spandau 10
91%
Koblenz/Dieblich, Stromberg, Kreuz Frankenthal 61
77%
Oldenburg-Hafen, Varel/Bockhorn, Wilhelmshaven 29
67%
Dreieck Stuhr, Oldenburg-Eversten, Westerstede 28
66%
Darmstädter Kreuz, Lorsch, Viernheimer Dreieck 67
66%
Osterburken, Kreuz Weinsberg, Ludwigsburg-Nord 81
66%
Pirmasens, Kreuz Landstuhl-West, Kusel 62
63%
Kandel-Süd, Edenkoben, Dreieck Ludwigshafen-Süd 65
61%
Keine übereinstimmenden Quizze gefunden
Verteilung der Resultate
Anzahl Personen mit jedem Resultat
Perzentil nach korrekt beantworteten Fragen
Ihre Resultats-Entwicklung
Sie haben dieses Quiz noch nicht gespielt